000 00647nam a2200241Ia 4500
003 OSt
005 20220925235454.0
006 a|||||r|||| 00| 0
007 ta
008 220923b |||||||| |||| 00| 0 eng d
037 _cGeneral Book
040 _aRTL
_cRTL
_beng
041 _2eng
_aeng
082 _aY15.2.N8, N0.1
100 _aRam Kumar
245 0 _aWomen health development and administration
260 _a New Delhi
_bDeep & Deep
_c1990
300 _a798p
_ccm.
490 _vV1 (475p)
650 _aWoman Sociology
942 _hY15.2.N8, N0.1
_cGB
_2CC
999 _c597337
_d597337